Studies on the relationship between weather and incidence of leaf diseases of Hevea (Record no. 69730)

MARC details
000 -LEADER
fixed length control field 00359nam a2200133Ia 4500
100 ## - MAIN ENTRY--AUTHOR NAME
Personal name Peries O S
245 #0 - TITLE STATEMENT
Title Studies on the relationship between weather and incidence of leaf diseases of Hevea
260 ## - PUBLICATION, DISTRIBUTION, ETC. (IMPRINT)
Name of publisher Planter
Year of publication 1979
300 ## - PHYSICAL DESCRIPTION
Number of Pages 158-169
650 ## - SUBJECT ADDED ENTRY--TOPICAL TERM
Topical Term Hevea
650 ## - SUBJECT ADDED ENTRY--TOPICAL TERM
Topical Term Leaf disease
942 ## - ADDED ENTRY ELEMENTS (KOHA)
Koha item type Journals
Holdings
Withdrawn status Lost status Damaged status Not for loan Home library Current library Shelving location Date acquired Serial Enumeration / chronology Koha item type
      Journals RRII Library RRII Library Pathology 17/12/2021 Volume 55, Issue Journals